000 00442ntaaa2200181 4500
003 01
005 20251027202733.0
008 0714s1973 ag 01
040 _aAR-BaBN
_bspa
_cAR-BaBN
_eaacr
_dRIC
082 _a704.0000 C12
100 _aCalderaro, José D
_925865
245 _aDimensión estética del hombre
250 _a1 ed.
260 _aBuenos Aires :
_bPaidós,
_cc1961
300 _a254 p
650 _aarte
_912575
942 _cBK
999 _c22616
_d22616